European Darts Open - Statistiken

Allgemein
  • Dieses Quiz wurde 266 mal gespielt
    61 seit der letzten Aktualisierung
  • Das Durchschnittsergebnis liegt bei 11 aus 12
Antwortstatistiken
Jahr Nationalität Sieger % Korrekt
2013 Niederlande Michael van Gerwen
100%
2016 Niederlande Michael van Gerwen
100%
2018 Niederlande Michael van Gerwen
100%
2019 Niederlande Michael van Gerwen
100%
2022 Niederlande Michael van Gerwen
100%
2023 Wales Gerwyn Price
98%
2014 Schottland Peter Wright
96%
2017 Schottland Peter Wright
96%
2012 Niederlande Raymond van Barneveld
93%
2025 England Nathan Aspinall
67%
2024 England Dave Chisnall
59%
2015 Schottland Robert Thornton
50%
Keine übereinstimmenden Quizze gefunden
Verteilung der Resultate
Anzahl Personen mit jedem Resultat
Perzentil nach korrekt beantworteten Fragen
Ihre Resultats-Entwicklung
Sie haben dieses Quiz seit der letzten Aktualisierung nicht gespielt